000 00508nam a22001697a 4500
003 CEME
005 20210628202325.0
008 210302b xxu||||| |||| 00| 0 eng d
040 _c.
082 _a658.5 FEL
100 _aKnk Feld, William.M
_959338
245 _aLean manufacturing, tools,techniques and how to use them
260 _aLONDON
_bST LUCIE PRESS
_c2001
300 _a228P
650 _aPRODUCTION MANAGEMENT; COSTS, INDUSTRIAL; PRODUCTION MANAGEMENT-CASE STUDIES
_959339
942 _cBK
_2ddc
999 _c569347
_d569347